000 01721nam a2200337 a 4500
003 CO-PeBPR
005 20260424132625.0
008 260415e2024 ck a|||| n||| 00| 0 spa c
020 _a9786287589537
040 0 _aCO-PeBPR
_bspa
_cCO-PeBPR
_erda
041 0 _hspa
082 0 4 _a(i) 741.5 N218h
100 1 _aNaranjo, John
_eautor
245 1 0 _aUn hombre llamado Gabito
_c/ John Naranjo ; ilustraciones de Gisela Bohórquez
250 _aPrimera edición
264 1 _aBogotá, Colombia
_b: Rey Naranjo Editores
_c, 2024
300 _a[32] páginas sin numerar
_b: ilustraciones a color
_c; 27 centímetros
336 _atexto
_btxt
_crdacontenido
337 _asin mediación
_bn
_2rdamedio
338 _avolumen
_bnc
_2rdasoporte
490 _aPlan Nacional de Lectura, Escritura y Oralidad / Ministerio de las Culturas, las Artes y los Saberes
500 _aIncluye glosario.
520 _aDe Aracataca a Estocolmo pasando por Bogotá, París y Ciudad de México, un hombre con ojos de niño e imaginación de genio deleita al mundo con la prosa más hermosa que se ha escrito en los últimos tiempos. Su origen un país llamado Colombia. Su nombre: Gabriel García Márquez, a quien todos sus queridos llamaban Gabito... Tomado de la contracubierta del libro.
521 _aRecomendado para 7 a 12 años
600 1 4 _2LEMB
_aGarcía Márquez, Gabriel
_d1928-2014
_xLiteratura infantil
650 1 4 _2LEMB
_aLiteratura infantil colombiana
_ySiglo XX
_vBiografías
650 1 4 _2LEMB
_aEscritores colombianos
_xLiteratura infantil
_ySiglo XX
_vBiografías
650 1 4 _2LEMB
_aAutores colombianos
_xLiteratura infantil
_ySiglo XX
_vBiografías
700 1 _aBohórquez Malaver, Gisela
_eilustradora
942 _2ddc
_cBKINF
999 _c17784
_d17784